000 00806 a2200217 4500
001 216222528
003 UA-OsUOA
005 20220706095218.0
008 220627b un ||||| |||| 00| 0 ukr d
040 _aUA-OsUOA
_bukr
_cUA-OsUOA
_dUA-OsUOA
041 _aukr
080 _a050
090 _a050
_bУ45
245 _aУкраїнський вісник. Газета Координаційної ради українців Грузії (КРУГ)
_n2002: № 1; 2004: №3; 2006: №6; 2011: №40
260 _aТбілісі
591 _bШкольна Олена
650 _2UDC
_a050 Періодичні видання
942 _cNP
_2udc
955 _a0
999 _c572671
_d572671